Villes de la NBA - Statistiques

Statistiques générales
  • Ce quiz a été pris 2 485 fois
  • Le résultat moyen est 25 sur 30
Statistiques - réponses
Conférence Division Nom de l'équipe Ville % Correct
Ouest Pacifique Clippers Los Angeles
95%
Ouest Pacifique Lakers Los Angeles
95%
Ouest Nord-Ouest Nuggets Denver
94%
Est Centrale Bulls Chicago
93%
Est Atlantique Nets New York
93%
Est Atlantique Nicks New York
93%
Est Atlantique Celtics Boston
92%
Est Sud-Est Heat Miami
91%
Ouest Sud-Ouest Spurs San Antonio
90%
Ouest Sud-Ouest Mavericks Dallas
89%
Est Centrale Pistons Détroit
88%
Ouest Sud-Ouest Rockets Houston
88%
Est Atlantique 76ers Philadelphie
88%
Est Atlantique Raptors Toronto
87%
Ouest Nord-Ouest Trail Brazers Portland
86%
Est Sud-Est Hawks Atlanta
85%
Est Sud-Est Hornets Charlotte
85%
Est Centrale Cavaliers Cleveland
85%
Est Sud-Est Magic Orlando
85%
Est Sud-Est Wizards Washington
85%
Ouest Pacifique Kings Sacramento
84%
Ouest Pacifique Suns Phoenix
83%
Ouest Sud-Ouest Grizzlies Memphis
82%
Ouest Nord-Ouest Thunder Oklahoma City
81%
Ouest Sud-Ouest Pelicans La Nouvelle-Orléans
80%
Est Centrale Pacers Indianapolis
79%
Est Centrale Bucks Milwaukee
79%
Ouest Nord-Ouest Jazz Salt Lake City
57%
Ouest Nord-Ouest Thimberwolves Minneapolis
52%
Ouest Pacifique Warriors (GS) Oakland
40%
Aucun quiz correspondant
Distribution des résultats
% des personnes avec chaque résultat
Percentile par nombre de réponses
Votre historique - résultats
Vous n’avez pas pris ce quiz